មាលាដួងចិត្ត / (Record no. 6289)

MARC details
000 -LEADER
fixed length control field 02156nam a22002417a 4500
001 - CONTROL NUMBER
control field 6289
003 - CONTROL NUMBER IDENTIFIER
control field FISKH
005 - DATE AND TIME OF LATEST TRANSACTION
control field 20250506161719.0
008 - FIXED-LENGTH DATA ELEMENTS--GENERAL INFORMATION
fixed length control field 250409b cb ||||| |||| 00| 0 eng d
040 ## - CATALOGING SOURCE
Original cataloging agency FISKH
Language of cataloging khr
Transcribing agency FISKH
Modifying agency FISKH
050 ## - LIBRARY OF CONGRESS CALL NUMBER
Classification number PZ7
082 ## - DEWEY DECIMAL CLASSIFICATION NUMBER
Classification number 895.932102
100 ## - MAIN ENTRY--PERSONAL NAME
Personal name Harch, Nou
245 ## - TITLE STATEMENT
Title មាលាដួងចិត្ត /
Statement of responsibility, etc. និពន្ធដោយ លោក នូ ហាច
260 ## - PUBLICATION, DISTRIBUTION, ETC.
Place of publication, distribution, etc. ភ្នំពេញ :
Name of publisher, distributor, etc. ការផ្សាយរបស់សមាគមអ្នកនិពន្ធខ្មែរ ,
Date of publication, distribution, etc. 2004.
300 ## - PHYSICAL DESCRIPTION
Extent 130 pages :
Other physical details illustrations ;
Dimensions 20 cm .
520 ## - SUMMARY, ETC.
Summary, etc. ទីឃាវុធ ជាយុវសិស្សអាយុ២០ឆ្នាំ ជាសិស្សថ្នាក់ទី២ នៃវិទ្យាល័យ ស៊ីសុវត្តិ ។ គេជាមនុស្សដែលចូលចិត្តស្រមើស្រម៉ៃច្រើន ហើយគេក៏ជាសិស្សឧស្សាហ៍ព្យាយាម មានប្រាជ្ញាឈ្លាសវៃ ខាងតែងកំនាព្យកាព្យឃ្លោង អក្សសាសន៍ ចូលចិត្តរៀនភាសាបរទេសដូចជា បារាំង អង៉គ្លេស និងចូលចិត្តស្វ័យសិក្សាភាសាថៃដោយខ្លួនឯងផងដែរ។ ប៉ុន្តែការសិក្សារផ្នែកវិទ្យាសាស្រ្តរបស់គេមិនសូវជាល្អប៉ុន្មានទេ។
520 ## - SUMMARY, ETC.
Summary, etc. Tikhavuth is a 20-year-old second-grade student at Sisowath High School. He is a very imaginative person and he is also a diligent student, wise in composing poems, prose, literary, likes to learn foreign languages such as French, English and also likes to learn Thai on his own. But their scientific studies were not so good.
650 ## - SUBJECT ADDED ENTRY--TOPICAL TERM
Topical term or geographic name entry element មាលាដួងចិត្ត​
Form subdivision ប្រលោមលោកខ្មែរ
650 ## - SUBJECT ADDED ENTRY--TOPICAL TERM
Topical term or geographic name entry element Mea lea doung chet
Form subdivision Khmer Novel
942 ## - ADDED ENTRY ELEMENTS (KOHA)
Source of classification or shelving scheme Dewey Decimal Classification
Koha item type Books
Suppress in OPAC No
Holdings
Withdrawn status Lost status Source of classification or shelving scheme Damaged status Not for loan Collection Home library Current library Shelving location Date acquired Total Checkouts Full call number Barcode Date last seen Date last checked out Price effective from Koha item type
    Dewey Decimal Classification     Khmer Language Books / សៀវភៅភាសាខ្មែរ Footprints International School Library Network Toul Tom Poung Campus Footprints International School Library Network Toul Tom Poung Campus TTP Secondary Khmer Bookshelves 04/09/2025 1 HAR PZ7 895.932102 FISSE02127 12/19/2025 12/01/2025 04/09/2025 Books